Shuno shuno re suro (Record no. 3344)

MARC details
000 -LEADER
fixed length control field 00579cam a2200217ua 4500
008 - FIXED-LENGTH DATA ELEMENTS--GENERAL INFORMATION
fixed length control field 111222n ii |||gr||||Z||||||asm
020 ## - INTERNATIONAL STANDARD BOOK NUMBER
International Standard Book Number 81-7206-190-2
040 ## - CATALOGING SOURCE
Transcribing agency MAIN
082 ## - DEWEY DECIMAL CLASSIFICATION NUMBER
Classification number 780
100 ## - MAIN ENTRY--PERSONAL NAME
Personal name Sree sree Sankaradeva,
Relator term
245 11 - TITLE STATEMENT
Title Shuno shuno re suro
Statement of responsibility, etc. by Sree Sree Sankaradeva
250 ## - EDITION STATEMENT
Edition statement 1st.
260 ## - PUBLICATION, DISTRIBUTION, ETC.
Place of publication, distribution, etc. Guwahati:
Name of publisher, distributor, etc. Bani Mandir,
Date of publication, distribution, etc. 2004.
300 ## - PHYSICAL DESCRIPTION
Extent 284p:
Dimensions 23cm.
700 ## - ADDED ENTRY--PERSONAL NAME
Personal name Sree sree Madhavadeva,
Relator term
700 ## - ADDED ENTRY--PERSONAL NAME
Personal name Hazarika, Manasmrita,
Relator term
942 ## - ADDED ENTRY ELEMENTS (KOHA)
Koha item type Books
653 ## - INDEX TERM--UNCONTROLLED
Uncontrolled term Bargeet
653 ## - INDEX TERM--UNCONTROLLED
Uncontrolled term Shuno shuno re suro
Holdings
Withdrawn status Lost status Damaged status Not for loan Home library Current library Shelving location Date acquired Total Checkouts Full call number Barcode Date last seen Date last checked out Copy number Price effective from Koha item type
        Central Library, Naharkatiya College Central Library, Naharkatiya College General Stacks 19/09/2020 1 780 | SAN 16510 19/10/2023 26/09/2023 1 19/09/2020 Books

Naharkatiya College © 2020. All rights reserved.

Powered By